000 00657nas a2200229 4500
001 BR8007110
003 BR-BrBNA
005 20231205084439.0
007 ta
008 230509b bl.|||p| |||| 00| 00por d
040 _aBR-BrBNA
_bpor
_cBiblioteca Nacional de Agricultura
041 _a(Pt)
072 _aL73
100 1 _aMattos Junior, N.P.
245 1 _aBotulismo tambem ataca animais [bovino, doenca animal]
650 _aBOVINO
650 _aBOTULISMO
650 _aPROFILAXIA
773 0 _tBalde Branco (Brazil)
_xISSN 0005-4275
_g(Aug 1980), (no. 190) p. 24-25
_wBR8007110
909 _a202311
_bLúcia
_c55
_dLúcia Elande
942 _2AGRIS
_n0
_cANA
999 _c105295
_d105295